NHL Hockey Difficult Quiz - Statistics

General Stats
  • This quiz has been taken 336 times
    95 since last reset
  • The average score is 7 of 15
Answer Stats
Hint Answer % Correct
In 1992-93 Teemu Selanne set a record for goals in a rookie season, how many goals did he score? 76
84%
The Conn Smythe Trophy has been awarded to a player on the losing side of the Stanley Cup Final 5 different times, who was the most recent player to win the award as MVP of the playoffs? Connor McDavid
81%
Following the complete lockout of the 2004-05 season, every NHL team was entered into the draft lottery with a chance to select what generation talent? Sidney Crosby
79%
What goaltender has won a league record 3 Conn Smythe Trophies? Patrick Roy
78%
What player set an NHL record for hardest shot at the All-Star Skills Competition with a 108.8mph blast? Zdeno Chara
69%
What #1 overall draft pick burst into the NHL scoring 4 goals in their debut game? Auston Matthews
64%
What Hall of Fame player became the first General Manager of the Seattle Kraken? Ron Francis
44%
Which player aside from Wayne Gretzky and Mario Lemiuex has scored the most points in a single season? Steve Yzerman
42%
Eric Lindros was drafted 1st overall by the Quebec Nordiques in 1991 and famously refused to suit up for the team. The Nordiques also picked at #1 in both of the previous drafts. Name either player the Nordiques selected. Mats Sundin / Owen Nolan
41%
What unlikely rookie 'sens'ation was affectionately given the nickname of "the hamburglar" in 2014-15? Andrew Hammond
38%
What was the nickname given to the Buffalo Sabres line made up of Quebec born players Gilbert Perrault, Rene Robert, and Rick Martin? The French Connection
32%
The 1st round of the 2003 NHL Draft was filled with superstars, but what 2nd round pick stuck with their NHL team as an 18 year old rookie? Patrice Bergeron
23%
In 1995-96 the Nordiques relocated to Colorado, were renamed the Avalanche, and won the Stanley Cup. What German-born player netted the Stanley Cup winning goal in triple overtime of Game 4? Uwe Krupp
22%
What player was taken #2 overall behind that generational talent? Bobby Ryan
21%
What player had four seasons of more than 100 PIM, but would later go on to win two Lady Byng Memorial Trophies as the league's most gentlemanly player? Stan Mikita
6%
No matching quizzes found
Score Distribution
Percent of People with Each Score
Percentile by Number Answered
Your Score History
You have not taken this quiz since the last reset